| 000 | 00597nam a2200217Ia 4500 | ||
|---|---|---|---|
| 003 | OSt | ||
| 005 | 20240530113930.0 | ||
| 008 | 210210b2005 xxu||||| |||| 00| 0 eng d | ||
| 040 | _cAL | ||
| 041 | _aKonkani | ||
| 082 | _a891.46301 QUAK | ||
| 100 |
_aQuadros (Valley) _dವಲ್ಲಿ ಕ್ವಾಡ್ರಸ್ _9168276 |
||
| 245 |
_aKhilo. _bಖಿಳೊ |
||
| 260 |
_aManglur _bAshawadi Publication _c2005 |
||
| 300 | _a79 | ||
| 650 |
_aKonkani short stories _9168277 |
||
| 690 |
_aKonkani Fiction _9168278 |
||
| 700 |
_aKVADRAS (Valli). _9168279 |
||
| 906 | _a059701 | ||
| 942 |
_2ddc _cBK |
||
| 999 |
_c106710 _d106710 |
||